Post-Systematic Theology II : The Trinitarian Adventure of Love - Ecological Ways of Creation, Humaning and its Displacement /

This second volume of the comprehensive and conceptual proposal of a Post-Systematic Theology - based on a phenomenological, narrative ontology - treats the trinitarian adventure of love, from the doctrine of God up to the doctrine of sin. In the doctrine of God, the distinctions of divine revealed...

وصف كامل

محفوظ في:

المؤلف الرئيسي: Mühling, Markus (مؤلف)

التنسيق: كتاب الكتروني

اللغة: English

منشور في: Paderborn : Ferdinand Schöningh, Brill | Fink, 2024.

سلاسل: Schöningh, Fink and mentis Religious Studies, Theology and Philosophy E-Books Online, Collection 2024.

الموضوعات:

الوصول للمادة أونلاين: Login to view Source

الوسوم: إضافة وسم

لا توجد وسوم, كن أول من يضع وسما على هذه التسجيلة!

رقم الطلب: BT77

LEADER 02897nam a22004578i 4500
001 BRILL9783846766279
003 nllekb
005 20240807140624.0
006 m d
007 cr un uuuua
008 240531s2024 gw sb 001 0 eng d
020 |a 9783846766279  |q (electronic book) 
020 |z 9783770566273  |q (print) 
024 7 |a 10.30965/9783846766279  |2 DOI 
035 |z (OCoLC)1432418155 
040 |a NL-LeKB  |c NL-LeKB  |e rda 
041 |a eng 
050 4 |a BT77 
072 7 |a HRCM  |2 bicssc 
072 7 |a REL  |x 067000  |2 bisacsh 
082 0 4 |a 230  |2 23 
100 1 |a Mühling, Markus,  |e author. 
245 1 0 |a Post-Systematic Theology II :  |b The Trinitarian Adventure of Love - Ecological Ways of Creation, Humaning and its Displacement /  |c Markus Mühling. 
246 3 |a The Trinitarian Adventure of Love - Ecological Ways of Creation, Humaning and its Displacement 
264 1 |a Paderborn :  |b Ferdinand Schöningh, Brill | Fink,  |c 2024. 
264 4 |c ©2024 
300 |a 1 online resource (980 pages) :  |b illustrations. 
336 |a text  |b txt  |2 rdacontent 
337 |a computer  |b c  |2 rdamedia 
338 |a online resource  |2 rdacarrier 
490 1 |a Schöningh, Fink and mentis Religious Studies, Theology and Philosophy E-Books Online, Collection 2024 
504 |a Includes bibliographical references and index. 
520 |a This second volume of the comprehensive and conceptual proposal of a Post-Systematic Theology - based on a phenomenological, narrative ontology - treats the trinitarian adventure of love, from the doctrine of God up to the doctrine of sin. In the doctrine of God, the distinctions of divine revealed personality, narrative divine unity, and the divine attributes are discussed. The ecological ways of creation deal with classical themes of creation as the image of the Trinity, cosmology, real possibilities, angels and aliens as well as biological evolution. Humans are presented as relational processes of becoming (humaning) in ontic solidarity to the created mesh. The chapter on hamartiology understands human sin as a misplaced becoming in this mesh. The volume concludes with a proposal for an ethos of creatureliness. Interdisciplinary considerations between theology, philosophy, and the natural sciences play a major role throughout the work. 
546 |a English 
588 |a Description based on print version record. 
650 0 |a Theology and World Christianity. 
776 0 8 |i Print version:  |t Post-Systematic Theology II : The Trinitarian Adventure of Love - Ecological Ways of Creation, Humaning and its Displacement.  |d Paderborn : Ferdinand Schöningh, Brill | Fink, 2024.  |z 9783770566273 
830 0 |a Schöningh, Fink and mentis Religious Studies, Theology and Philosophy E-Books Online, Collection 2024. 
856 4 |z DOI:   |u http://dx.doi.org/10.30965/9783846766279 
942 |2 lcc  |c EBOOK 
999 |c 59254  |d 59254